Normal view
MARC view
Entry Personal Name
001 - CONTROL NUMBER
- control field: 47182
003 - CONTROL NUMBER IDENTIFIER
- control field: dpl
005 - DATE AND TIME OF LATEST TRANSACTION
- control field: 20120516132543.0
008 - FIXED-LENGTH DATA ELEMENTS
- fixed length control field: 120516|||a|||||| | ||| d
040 ## - CATALOGING SOURCE
- Original cataloging agency: dpl
- Transcribing agency: dpl
100 ## - HEADING--PERSONAL NAME
- Personal name: परदेशी, अनुपम
670 ## - SOURCE DATA FOUND
- Source citation: Work cat.: (dpl)14136: परदेशी, अनुपम, पक्षी- जगत की सैर /, 2007
670 ## - SOURCE DATA FOUND
- Source citation: Work cat.: (dpl)14136: परदेशी, अनुपम, पक्षी- जगत की सैर /, 2007
